1202 1714 1048 1892 1646 1295 1779 1870 1931 1401 1388 1457 1345 1550 1163 1558 1886 1756 1814 1956 1283 1306 1300 1348 1000 1053 1134 1294 1540 1076 1317 1069 1906 1136 1472 1179 1342 1818 1661 1873 1915 1050 1436 1530 1189 1680 1239 1709 1574 1864 1937 1802 1528 1921 1785 1851 1719 1749 1247 1131 1885 1943 1560 1268 1496 1180 1175 1711 1603 1892 1424 1087 1645 1298 1114 1328 1241 1122 1921 1935 1524 1849 1098 1402 1190 1088 1037 1758 1011 1574 1486 1125 1172 1528 1639 1509 1579 1862 1917 BCNSPRNW ULIB Ver.6.0+V

เปลี่ยนเป็นภาษาไทย

Change to English
 แสดงรายละเอียดบรรณานุกรม
  กลับหน้าหลัก

Brief Record : Get Marc (ISO 2709) : E-mail record : QR code < ปิดหน้าต่าง
LEADER : 00000nam 2200000uu 4500
001    13399109659
003     ULIB
008    110407s2005||||th 000 0 eng d
020    1582796335
060  4 WB890^bT111O 2005
110 1  Trident Reference Publishing
245 00 Overcomming insomnia/^cTrident Reference Publishing
260    China:^bGrolier,^c2005
300    63 p.:^bcol.
650  7 insomnia
650  7 Natural Herb
650  7 Therapie
945    ^p0^l0^i023013
995    Tossapron
999 ^a ใช้งานได้ทุกระบบ
รายการนี้ยังไม่มีแท็ก
คุณยังไม่ได้ล็อกอิน คุณสามารถมีกิจกรรมร่วมกับเว็บไซต์ได้ แต่ต้องล็อกอินก่อน ::
  ล็อกอิน

รายการสื่อสารสนเทศ

ลำดับที่ ประเภท เลขเรียก/บาร์โค้ด สถานที่ สถานะ
- ไม่พบข้อมูล -

รายการใกล้เคียง
    หัวเรื่อง [Natural Herb]
    หัวเรื่อง [Therapie]

BibComment


ยังไม่เคยถูกคอมเมนท์

คอมเมนท์ทรัพยากรรายการนี้
  คอมเมนท์: Overcomming insom..


 Copyright 2026. Bcnsprnw @Library